La mystique d'angelus silesius /

Guardado en:
Autor Principal: Plard, Henri
Formato: Libro
Publicado: Paris : Aubier, 1943
Materias:
Etiquetas: Agregar Etiqueta
Sin Etiquetas, Sea el primero en etiquetar este registro!
LEADER 00457nam a22001575a 4500
001 EHU.bham016521
003 AR-BHAM
005 20100507162754.0
008 130507s1943##################000#0#####d
082 2 4 |a 248.2 
100 1 |a Plard, Henri 
245 1 0 |a La mystique d'angelus silesius /  |c Henri Plard 
260 |a Paris :  |b Aubier,  |c 1943 
300 |a 203 p. 
653 |a Misticismo religioso 
859 |a AR-BHAM  |b BIB. HUMANIDADES - Arturo Marasso  |h 248.2  |i P696  |p 1826.57  |t Ej.1  |v M